| 000 | 01479nam0a2200337 4500 | ||
|---|---|---|---|
| 001 | RU\NLR\bibl\501536 | ||
| 005 | 20250623201940.0 | ||
| 010 |
_a5-8290-0409-7 _9300 |
||
| 021 |
_aRU _b2004-5087 _9261 |
||
| 035 | _a(NLR Aleph) 000494131 | ||
| 090 |
_a1132365 _c1132365 |
||
| 100 | _a20040317d2003 |||y0rusy50 ca | ||
| 101 | 0 | _arus | |
| 102 | _aRU | ||
| 105 | _ay ||||||||| | ||
| 200 | 1 |
_aАктуальные вопросы профилактики девиантного поведения подростков _eПрепринт _fС.И. Моисеева _gМ-во образования Рос. Федерации, Правительство Ленингр. обл., Ленинигр. гос. обл. ун-т им. А.С. Пушкина |
|
| 210 |
_aСПб. _cЛенингр. гос. обл. ун-т _d2003 |
||
| 215 |
_a37 с. _d20 |
||
| 320 | _aБиблиогр.: с. 35-36 (40 назв.) | ||
| 606 | 0 |
_aДевиантные подростки _xПсихология _92200158 _3RU\NLR\auth\661322148 |
|
| 606 | 1 |
_aДевиантные подростки _xПсихологические исследования _92225282 _3RU\NLR\AUTH\6601568860 |
|
| 686 | _aС550.325.2 | ||
| 686 | _aЮ983.62 | ||
| 686 | _aЮ983.402.2 | ||
| 700 | 1 |
_aМоисеева _bС. И. _gСветлана Игоревна _4070 |
|
| 801 | 0 |
_aRU _bNLR _c20040317 _gPSBO |
|
| 801 | 1 |
_aRU _bNLR _c20040317 |
|
| 942 | _cBOOK | ||
| 980 | _aNB | ||